Manual de práctica forense (Record no. 144748)

MARC details
000 -LEADER
campo de control de longitud fija 00710nam a2200193 4500
001 - NÚMERO DE CONTROL
campo de control 144748
003 - IDENTIFICADOR DE NÚMERO DE CONTROL
campo de control ES-MaACL
005 - FECHA Y HORA DE LA ÚLTIMA TRANSACCIÓN
campo de control 20251015164520.0
007 - CAMPO FIJO DE DESCRIPCIÓN FÍSICA--INFORMACIÓN GENERAL
campo de control de longitud fija t|
008 - DATOS DE LONGITUD FIJA--INFORMACIÓN GENERAL
campo de control de longitud fija 070214s1904 sp r ||||1| spa d
100 1# - ENTRADA PRINCIPAL--NOMBRE DE PERSONA
Nombre de persona Silvela Loring, Jorge.
9 (RLIN) 106426
245 10 - MENCIÓN DEL TÍTULO
Título Manual de práctica forense
Resto del título : colección ordenada de escritos é informes orales /
Mención de responsabilidad, etc. Jorge Silvela Loring, Juan Barriobero Armas ; con un prólogo de D. Tomás Montejo y Rica.
260 ## - PUBLICACIÓN, DISTRIBUCIÓN, ETC.
Lugar de publicación, distribución, etc. Madrid :
Nombre del editor, distribuidor, etc. Reus,
Fecha de publicación, distribución, etc. 1904.
300 ## - DESCRIPCIÓN FÍSICA
Extensión 618 p. ;
Dimensiones 22 cm.
700 1# - ENTRADA AGREGADA--NOMBRE PERSONAL
Nombre de persona Barriobero y Armas, Juan,
Títulos y otros términos asociados al nombre Barón de Río Tovía
9 (RLIN) 138189
700 1# - ENTRADA AGREGADA--NOMBRE PERSONAL
Nombre de persona Montejo y Rica, Tomás (
Fechas asociadas al nombre 1856-1933)
9 (RLIN) 82445
852 ## - LOCALIZACIÓN
Ubicación ES-MaACL
Número de control de estantería G-15585
Holdings
Estatus retirado Estado de pérdida Estado de daño No para préstamo Biblioteca de origen Biblioteca actual Ubicación en estantería Fecha de adquisición Fuente de adquisición Total de préstamos Signatura topográfica completa Código de barras Visto por última vez Precio de reemplazo Tipo de ítem Koha
        Biblioteca del Ateneo de Madrid Biblioteca del Ateneo de Madrid Sala Pecera Planta 3 17/01/2008     G-15585 1150945 23/02/2023 23/02/2023 Libro impreso